| 000 | 00501nam a22001817a 4500 | ||
|---|---|---|---|
| 003 | CEME | ||
| 005 | 20210628203340.0 | ||
| 008 | 210115b xxu||||| |||| 00| 0 eng d | ||
| 020 | _a0-07-824519-2 | ||
| 040 | _cceme | ||
| 082 | _a004 LIB | ||
| 100 |
_aLiberty, Jesse, Quirk, Kent, Weiss, Seth _964891 |
||
| 245 | _aIntroduction to computer science using java | ||
| 260 |
_aNEW YORK _bMCGRAW HILL _c2004 |
||
| 300 | _aXXVI,756 P | ||
| 650 |
_aCOMPUTER SCIENCE USING JAVA _964892 |
||
| 942 |
_cBK _2ddc |
||
| 999 |
_c573254 _d573254 |
||